000 00524nam a2200181Ia 4500
999 _c10756
_d10756
003 OSt
005 20191217104057.0
008 190216s9999||||xx |||||||||||||| ||und||
020 _a9788188646067
040 _coclc
082 _a338.954
_bHAR/L
100 _aHariharan, N P
_9511
245 0 _aLights And Shades Of Indian Economy /
_c N P Hariharan
260 _bVishal Publcations,
_aMadhura:
_c2005.
300 _a642p
650 _aEconomics
942 _cBK
_2ddc
_h338.954
_iHAR/L
_k338.954
_mHAR/L